000
00262nam a2200109Ia 4500
999
_c
8856
_d
8856
020
_a
978-8177583588
100
_a
Mark Allen Weiss
245
0
_a
Data Structures And Algorithms Analysis In C
260
_a
New Delhi
_b
Viva Books
_c
1989
300
_a
370
942
_c
BK